[Event "HUN-ch Rapid 2019"]
[Site "Ajka"]
[Date "2019.07.20"]
[Round "7.13"]
[White "Sardy, Peter"]
[Black "Popovics, Adam"]
[Result "0-1"]
[WhiteElo "2353"]
[BlackElo "2365"]
[Annotator "NA"]
[PlyCount "80"]
[EventDate "2019.07.18"]
[EventType "swiss"]
[EventCountry "HUN"]
[SourceTitle "playchess.com"]
[Source "ChessBase"]
[SourceQuality "1"]
[TimeControl "1200+5"]

1. e4 {[%emt 0:00:03]} e6 {[%emt 0:00:21]} 2. d4 {[%emt 0:00:10]} c5 {[%emt 0:00:03]} 3. d5 {[%emt 0:00:26]} exd5 {[%emt 0:00:02]} 4. exd5 {[%emt 0:00:02]} d6 {[%emt 0:00:01]} 5. Nf3 {[%emt 0:00:16]} Be7 {[%emt 0:00:06]} 6. Bb5+ {[%emt 0:00:21]} Bd7 {[%emt 0:00:03]} 7. a4 {[%emt 0:00:11]} Nf6 {[%emt 0:00:06]} 8. O-O {[%emt 0:00:05]} O-O {[%emt 0:00:03]} 9. h3 {[%emt 0:00:26]} Na6 {[%emt 0:00:03]} 10. Nc3 {[%emt 0:00:26]} Nb4 {[%emt 0:00:07]} 11. Re1 {[%emt 0:01:55]} Bf5 {[%emt 0:01:00]} 12. Re2 {[%emt 0:00:25]} a6 {[%emt 0:00:02]} 13. Bc4 {[%emt 0:00:03]} Re8 {[%emt 0:00:02]} 14. a5 {[%emt 0:03:56]} b5 {[%emt 0:02:08]} 15. axb6 {[%emt 0:00:09]} Qxb6 {[%emt 0:00:01]} 16. Bg5 {[%emt 0:01:00]} Qb7 {[%emt 0:00:16]} 17. Nh4 {[%emt 0:01:12]} Bd7 {[%emt 0:00:42]} 18. Qd2 {[%emt 0:03:18]} h6 {[%emt 0:01:06]} 19. Rxe7 {[%emt 0:02:01]} hxg5 {[%emt 0:00:01]} 20. Rxe8+ {[%emt 0:00:02]} Rxe8 {[%emt 0:00:02]} 21. Qxg5 {[%emt 0:00:01]} Nxc2 {[%emt 0:00:03]} 22. Rxa6 {[%emt 0:00:15]} Qxb2 {[%emt 0:00:18]} 23. Qd2 {[%emt 0:01:14]} Qb4 {[%emt 0:01:15]} 24. Bd3 {[%emt 0:00:58]} Ne1 {[%emt 0:03:03]} 25. Nf3 {[%emt 0:00:11]} Nxf3+ {[%emt 0:00:12]} 26. gxf3 {[%emt 0:00:01]} Nxd5 {[%emt 0:03:39]} 27. Rxd6 {[%emt 0:00:07]} Be6 {[%emt 0:01:53]} 28. Ne4 {[%emt 0:01:04]} Qxd2 {[%emt 0:01:16]} 29. Nxd2 {[%emt 0:00:01]} Nf4 {[%emt 0:00:02]} 30. Bf1 {[%emt 0:00:32]} Bxh3 {[%emt 0:00:37]} 31. Bb5 {[%emt 0:01:07]} Re5 {[%emt 0:01:34]} 32. Ne4 {[%emt 0:00:26]} Ne6 {[%emt 0:00:51]} 33. Kh2 {[%emt 0:00:11]} Bf5 {[%emt 0:00:05]} 34. Nd2 {[%emt 0:00:03]} Bg6 {[%emt 0:00:10]} 35. Kg2 {[%emt 0:00:05]} Nf4+ {[%emt 0:00:07]} 36. Kg3 {[%emt 0:00:03]} Ne6 {[%emt 0:00:02]} 37. Kg2 {[%emt 0:00:01]} Kh7 {[%emt 0:00:03]} 38. Bc4 {[%emt 0:00:02]} Nd4 {[%emt 0:00:09]} 39. f4 {[%emt 0:00:04]} Re1 {[%emt 0:00:07]} 40. Kg3 {[%emt 0:00:13]} Nf5+ {[%emt 0:00:01]} 0-1

[Event "HUN-ch Rapid 2019"]
[Site "Ajka"]
[Date "2019.07.20"]
[Round "7.14"]
[White "Varga, Peter"]
[Black "Hardicsay, Peter"]
[Result "1/2-1/2"]
[WhiteElo "2367"]
[BlackElo "2185"]
[Annotator "NA"]
[PlyCount "60"]
[EventDate "2019.07.18"]
[EventType "swiss"]
[EventCountry "HUN"]
[SourceTitle "playchess.com"]
[Source "ChessBase"]
[SourceQuality "1"]
[TimeControl "1200+5"]

1. Nf3 {[%emt 0:00:04]} Nf6 {[%emt 0:00:06]} 2. g3 {[%emt 0:00:01]} g6 {[%emt 0:00:11]} 3. Bg2 {[%emt 0:00:01]} Bg7 {[%emt 0:00:01]} 4. O-O {[%emt 0:00:03]} O-O {[%emt 0:00:02]} 5. c4 {[%emt 0:00:02]} c6 {[%emt 0:00:27]} 6. d4 {[%emt 0:00:25]} d6 {[%emt 0:00:47]} 7. Nc3 {[%emt 0:00:05]} Qa5 {[%emt 0:00:10]} 8. e4 {[%emt 0:01:04]} e5 {[%emt 0:00:20]} 9. d5 {[%emt 0:00:20]} cxd5 {[%emt 0:01:50]} 10. cxd5 {[%emt 0:00:03]} Bd7 {[%emt 0:00:28]} 11. a3 {[%emt 0:01:09]} Na6 {[%emt 0:02:33]} 12. Bd2 {[%emt 0:00:10]} Rfc8 13. b4 {[%emt 0:00:38]} Qd8 {[%emt 0:00:24]} 14. Ne1 {[%emt 0:00:13]} Nc7 {[%emt 0:01:46]} 15. a4 {[%emt 0:01:24]} b5 {[%emt 0:00:23]} 16. a5 {[%emt 0:00:25]} Na6 {[%emt 0:00:26]} 17. Nd3 {[%emt 0:00:43]} Rc4 {[%emt 0:00:13]} 18. Qb3 {[%emt 0:01:23]} Rac8 {[%emt 0:00:16]} 19. f3 {[%emt 0:00:40]} h5 {[%emt 0:00:57]} 20. Rfc1 {[%emt 0:00:16]} Qc7 {[%emt 0:00:29]} 21. Ne2 {[%emt 0:03:35]} Kh7 {[%emt 0:00:40]} 22. Kf2 {[%emt 0:02:02]} Bh6 {[%emt 0:00:51]} 23. Ke1 {[%emt 0:00:09]} Qb7 {[%emt 0:00:45]} 24. Bxh6 {[%emt 0:00:34]} Kxh6 {[%emt 0:00:01]} 25. Qb2 {[%emt 0:00:02]} Qc7 {[%emt 0:00:37]} 26. Qd2+ {[%emt 0:00:46]} Kg7 {[%emt 0:00:05]} 27. Kd1 {[%emt 0:00:31]} Rxc1+ {[%emt 0:00:29]} 28. Rxc1 {[%emt 0:00:02]} Qb7 {[%emt 0:00:11]} 29. Rxc8 {[%emt 0:00:12]} Qxc8 {[%emt 0:00:10]} 30. Qc3 {[%emt 0:00:38]} Qxc3 1/2-1/2

[Event "HUN-ch Rapid 2019"]
[Site "Ajka"]
[Date "2019.07.20"]
[Round "7.15"]
[White "Karacsonyi, Gellert"]
[Black "Csiszar, Csaba"]
[Result "1-0"]
[WhiteElo "2315"]
[BlackElo "2432"]
[Annotator "NA"]
[PlyCount "87"]
[EventDate "2019.07.18"]
[EventType "swiss"]
[EventCountry "HUN"]
[SourceTitle "playchess.com"]
[Source "ChessBase"]
[SourceQuality "1"]
[TimeControl "1200+5"]

1. e4 {[%emt 0:00:01]} c5 {[%emt 0:00:00]} 2. Nf3 {[%emt 0:00:02]} Nc6 {[%emt 0:00:01]} 3. d4 {[%emt 0:00:00]} cxd4 {[%emt 0:00:01]} 4. Nxd4 {[%emt 0:00:01]} e5 {[%emt 0:00:01]} 5. Nb5 {[%emt 0:00:07]} d6 {[%emt 0:00:02]} 6. N1c3 {[%emt 0:00:04]} a6 {[%emt 0:00:01]} 7. Na3 {[%emt 0:00:02]} b5 {[%emt 0:00:00]} 8. Nd5 {[%emt 0:00:01]} Nge7 {[%emt 0:00:01]} 9. c4 {[%emt 0:00:01]} Nd4 {[%emt 0:00:02]} 10. Bd3 {[%emt 0:00:31]} Nxd5 {[%emt 0:00:04]} 11. cxd5 {[%emt 0:00:15]} g6 {[%emt 0:00:04]} 12. O-O {[%emt 0:00:03]} Bg7 {[%emt 0:00:01]} 13. Nc2 {[%emt 0:00:28]} Bd7 {[%emt 0:00:08]} 14. Nxd4 {[%emt 0:00:34]} exd4 {[%emt 0:00:02]} 15. Bf4 {[%emt 0:00:02]} Qb6 {[%emt 0:00:24]} 16. Qd2 {[%emt 0:00:13]} h6 {[%emt 0:00:43]} 17. Qb4 {[%emt 0:00:25]} Bf8 {[%emt 0:00:49]} 18. Rfe1 {[%emt 0:00:27]} a5 {[%emt 0:00:01]} 19. Qd2 {[%emt 0:00:01]} Bg7 {[%emt 0:00:05]} 20. e5 {[%emt 0:00:22]} dxe5 {[%emt 0:00:03]} 21. Bxe5 {[%emt 0:00:01]} O-O {[%emt 0:00:08]} 22. Qf4 {[%emt 0:04:29]} Rac8 {[%emt 0:00:10]} 23. Bxg7 {[%emt 0:00:20]} Kxg7 {[%emt 0:00:02]} 24. Re7 {[%emt 0:00:04]} Rcd8 {[%emt 0:00:48]} 25. d6 {[%emt 0:00:24]} Be8 {[%emt 0:02:41]} 26. Qe5+ {[%emt 0:00:29]} Kg8 {[%emt 0:00:01]} 27. Re1 {[%emt 0:00:18]} Qc6 {[%emt 0:06:19]} 28. h4 {[%emt 0:00:31]} h5 {[%emt 0:00:13]} 29. g4 {[%emt 0:02:30]} Qf3 {[%emt 0:04:30]} 30. Be2 {[%emt 0:04:01]} Qh3 {[%emt 0:00:03]} 31. gxh5 {[%emt 0:04:34]} Bc6 {[%emt 0:00:38]} 32. Qh2 {[%emt 0:00:07]} Qxh2+ {[%emt 0:01:02]} 33. Kxh2 {[%emt 0:00:01]} Rxd6 {[%emt 0:00:47]} 34. Bd3 {[%emt 0:00:27]} Rf6 {[%emt 0:00:33]} 35. R1e2 {[%emt 0:00:28]} gxh5 {[%emt 0:00:06]} 36. R7e5 {[%emt 0:00:05]} Rb8 {[%emt 0:01:40]} 37. Rg5+ {[%emt 0:00:04]} Kf8 {[%emt 0:00:06]} 38. Rxh5 {[%emt 0:00:02]} Bf3 {[%emt 0:00:26]} 39. Rh8+ Kg7 40. Rh7+ {[%emt 0:00:12]} Kg8 {[%emt 0:00:02]} 41. Re5 {[%emt 0:00:01]} Rfb6 {[%emt 0:00:29]} 42. Rg5+ {[%emt 0:00:09]} Kf8 {[%emt 0:00:01]} 43. Rf5 {[%emt 0:00:01]} f6 {[%emt 0:00:03]} 44. Rxf3 {[%emt 0:00:02]} 1-0

[Event "HUN-ch Rapid 2019"]
[Site "Ajka"]
[Date "2019.07.20"]
[Round "7.16"]
[White "Csonka, Balazs"]
[Black "Gaal, Ede"]
[Result "1-0"]
[WhiteElo "2472"]
[BlackElo "2042"]
[Annotator "TA"]
[PlyCount "37"]
[EventDate "2019.07.18"]
[EventType "swiss"]
[EventCountry "HUN"]
[SourceTitle "playchess.com"]
[Source "ChessBase"]
[SourceQuality "1"]

{[%evp 9,37,13,18,11,46,45,35,33,46,30,38,41,61,37,38,45,100,51,52,65,116,112,559,565,567,574,616,499,505,497]} 1. e4 c5 2. Nf3 e6 3. b3 a6 4. Bb2 Qc7 (4... Nc6 5. Be2 d5 6. exd5 exd5 7. d4 Nf6 8. O-O Be7 9. dxc5 O-O 10. c4 Bxc5 11. Nc3 dxc4 12. Bxc4 Bg4 13. Nd5 Nxd5 14. Bxd5 {0-1 (29) Vachier Lagrave,M (2795)-Grischuk,A (2750) chess.com INT 2017}) 5. c4 Nc6 6. g3 {B40: Sicilian: 2...e6, Unusual lines} b6 7. Bg2 Bb7 8. O-O {White is slightly better.} Nge7 $146 ({Predecessor:} 8... d6 9. d4 cxd4 10. Nxd4 Nf6 11. Nc3 Nxd4 12. Qxd4 Be7 13. Na4 {0-1 (38) Monev,A (2144)-Naboka,S (2302) Sunny Beach 2014}) 9. d4 cxd4 10. Nxd4 h5 11. Nc3 {[%cal Bb1c3,Bc3d5,Bd5c7][%mdl 32] Threatens to win with Ndb5!} Nxd4 12. Qxd4 h4 (12... Nc6 $14 13. Qe3 Bc5) 13. Rfe1 hxg3 14. hxg3 (14. fxg3 {[#]} Nf5 $1 $17 {[%mdl 512]}) 14... Nc6 (14... Rb8 $14) 15. Nd5 $1 $16 {[%cal Rd5c7][%mdl 64] [#] Double Attack} Nxd4 $4 {[%mdl 8192]} (15... O-O-O $16 {is tougher.} 16. Nxb6+ (16. Nxc7 Nxd4 17. Bxd4 Kxc7 $14) 16... Kb8) 16. Nxc7+ $18 {White is clearly winning.} Kd8 17. Nxa8 ({Weaker is} 17. Bxd4 Kxc7 18. Be5+ d6 $14) 17... Bc5 18. Bxd4 Bxd4 19. Rad1 {Accuracy: White = 96%, Black = 36%.} 1-0

[Event "HUN-ch Rapid 2019"]
[Site "Ajka"]
[Date "2019.07.20"]
[Round "7.17"]
[White "Deak, Sandor"]
[Black "Borhy, Marcell"]
[Result "1-0"]
[WhiteElo "2279"]
[BlackElo "2382"]
[Annotator "NA"]
[PlyCount "71"]
[EventDate "2019.07.18"]
[EventType "swiss"]
[EventCountry "HUN"]
[SourceTitle "playchess.com"]
[Source "ChessBase"]
[SourceQuality "1"]
[TimeControl "1200+5"]

1. d4 {[%emt 0:00:01]} d6 {[%emt 0:00:03]} 2. c4 {[%emt 0:00:02]} e5 {[%emt 0:00:01]} 3. d5 {[%emt 0:00:01]} f5 {[%emt 0:00:51]} 4. e4 {[%emt 0:00:01]} Nf6 {[%emt 0:00:54]} 5. exf5 {[%emt 0:00:20]} Bxf5 {[%emt 0:00:02]} 6. Ne2 {[%emt 0:00:05]} a5 {[%emt 0:00:49]} 7. Ng3 {[%emt 0:00:04]} Bg6 {[%emt 0:00:07]} 8. Nc3 {[%emt 0:00:02]} Na6 {[%emt 0:00:21]} 9. Be3 {[%emt 0:00:51]} Be7 {[%emt 0:00:25]} 10. f3 {[%emt 0:01:11]} c6 {[%emt 0:02:12]} 11. Bd3 {[%emt 0:02:04]} Bxd3 {[%emt 0:00:36]} 12. Qxd3 {[%emt 0:00:01]} O-O {[%emt 0:01:59]} 13. O-O {[%emt 0:00:06]} Nb4 {[%emt 0:00:37]} 14. Qd2 {[%emt 0:00:03]} cxd5 {[%emt 0:00:02]} 15. cxd5 {[%emt 0:00:07]} Qd7 {[%emt 0:00:13]} 16. a3 {[%emt 0:02:23]} Na6 {[%emt 0:00:03]} 17. Nge4 {[%emt 0:00:16]} b5 {[%emt 0:01:30]} 18. a4 {[%emt 0:01:30]} b4 {[%emt 0:00:17]} 19. Nb5 {[%emt 0:00:02]} Rfc8 {[%emt 0:01:49]} 20. Rac1 {[%emt 0:00:05]} Ne8 {[%emt 0:01:31]} 21. Rxc8 {[%emt 0:02:13]} Rxc8 {[%emt 0:00:23]} 22. Na7 {[%emt 0:00:01]} Ra8 {[%emt 0:00:15]} 23. Nc6 {[%emt 0:00:01]} Bf8 {[%emt 0:00:14]} 24. f4 {[%emt 0:00:20]} exf4 {[%emt 0:00:50]} 25. Bxf4 {[%emt 0:00:03]} Nc5 {[%emt 0:00:08]} 26. Nxc5 {[%emt 0:01:08]} dxc5 {[%emt 0:00:01]} 27. Ne5 {[%emt 0:00:12]} Qb7 {[%emt 0:02:12]} 28. Nc4 {[%emt 0:00:55]} Rd8 {[%emt 0:00:14]} 29. d6 Nf6 {[%emt 0:00:44]} 30. b3 {[%emt 0:01:49]} Nd5 {[%emt 0:01:19]} 31. Bg5 {[%emt 0:00:14]} Rd7 {[%emt 0:00:08]} 32. Qf2 {[%emt 0:00:32]} Qa8 {[%emt 0:01:07]} 33. Ne5 {[%emt 0:00:05]} Ra7 {[%emt 0:00:18]} 34. d7 {[%emt 0:00:05]} Nf6 {[%emt 0:00:16]} 35. Bxf6 {[%emt 0:00:01]} gxf6 {[%emt 0:00:01]} 36. Qxf6 {[%emt 0:00:01]} 1-0

[Event "HUN-ch Rapid 2019"]
[Site "Ajka"]
[Date "2019.07.20"]
[Round "7.18"]
[White "Horvath, Tamas"]
[Black "Kovacs, Marton"]
[Result "1-0"]
[WhiteElo "2306"]
[BlackElo "2147"]
[Annotator "NA"]
[PlyCount "107"]
[EventDate "2019.07.18"]
[EventType "swiss"]
[EventCountry "HUN"]
[SourceTitle "playchess.com"]
[Source "ChessBase"]
[SourceQuality "1"]
[TimeControl "1200+5"]

1. e4 {[%emt 0:00:03]} e5 {[%emt 0:00:00]} 2. Nf3 {[%emt 0:00:02]} Nf6 {[%emt 0:00:01]} 3. Nc3 {[%emt 0:00:13]} Bb4 {[%emt 0:00:01]} 4. Nxe5 {[%emt 0:00:23]} O-O {[%emt 0:00:03]} 5. Nd3 {[%emt 0:00:05]} Bxc3 {[%emt 0:00:02]} 6. dxc3 {[%emt 0:00:02]} Nxe4 {[%emt 0:00:16]} 7. Be2 {[%emt 0:00:03]} d5 {[%emt 0:00:18]} 8. O-O {[%emt 0:00:04]} Nd7 {[%emt 0:00:23]} 9. Be3 {[%emt 0:02:03]} Ndf6 {[%emt 0:02:23]} 10. f3 {[%emt 0:00:32]} Nd6 {[%emt 0:00:22]} 11. Bf2 {[%emt 0:00:08]} c6 {[%emt 0:00:37]} 12. b3 {[%emt 0:00:18]} Re8 {[%emt 0:01:09]} 13. Re1 {[%emt 0:00:09]} Nf5 {[%emt 0:00:48]} 14. Qd2 {[%emt 0:00:10]} Qa5 {[%emt 0:01:35]} 15. a4 {[%emt 0:03:00]} Qc7 {[%emt 0:03:47]} 16. Bf1 {[%emt 0:00:20]} Bd7 {[%emt 0:00:20]} 17. g4 {[%emt 0:01:01]} Ne7 {[%emt 0:01:11]} 18. a5 {[%emt 0:02:25]} Ng6 {[%emt 0:03:35]} 19. Bg3 {[%emt 0:01:19]} Rxe1 {[%emt 0:00:01]} 20. Qxe1 {[%emt 0:00:10]} Qc8 {[%emt 0:00:19]} 21. Ne5 {[%emt 0:00:40]} Qf8 {[%emt 0:01:03]} 22. Nxg6 {[%emt 0:00:09]} hxg6 {[%emt 0:00:09]} 23. Qe3 {[%emt 0:00:25]} c5 {[%emt 0:01:22]} 24. Re1 {[%emt 0:01:22]} Re8 {[%emt 0:00:05]} 25. Qd2 {[%emt 0:00:06]} Rxe1 {[%emt 0:00:02]} 26. Qxe1 {[%emt 0:00:01]} Qe8 {[%emt 0:00:15]} 27. Qxe8+ {[%emt 0:00:13]} Nxe8 {[%emt 0:00:15]} 28. Bb8 {[%emt 0:00:04]} a6 {[%emt 0:00:17]} 29. Ba7 {[%emt 0:00:02]} c4 {[%emt 0:00:23]} 30. bxc4 {[%emt 0:00:01]} dxc4 {[%emt 0:00:00]} 31. Bxc4 {[%emt 0:00:02]} Bc6 {[%emt 0:00:01]} 32. Kf2 {[%emt 0:00:14]} Nd6 {[%emt 0:00:01]} 33. Bd3 {[%emt 0:00:07]} Nb5 {[%emt 0:00:18]} 34. Bd4 {[%emt 0:00:22]} g5 {[%emt 0:00:01]} 35. Ke3 {[%emt 0:00:14]} f6 {[%emt 0:00:03]} 36. f4 {[%emt 0:00:04]} gxf4+ {[%emt 0:00:07]} 37. Kxf4 {[%emt 0:00:02]} Kf7 {[%emt 0:00:09]} 38. Bc4+ {[%emt 0:00:14]} Kg6 {[%emt 0:00:22]} 39. h4 {[%emt 0:00:06]} Kh6 {[%emt 0:00:25]} 40. g5+ {[%emt 0:00:27]} fxg5+ {[%emt 0:00:04]} 41. hxg5+ {[%emt 0:00:02]} Kh7 {[%emt 0:00:03]} 42. Bd3+ {[%emt 0:00:10]} Kg8 {[%emt 0:00:27]} 43. Ke5 {[%emt 0:00:27]} Kf7 {[%emt 0:00:06]} 44. g6+ {[%emt 0:00:34]} Ke7 {[%emt 0:00:04]} 45. Bc5+ {[%emt 0:00:08]} Ke8 {[%emt 0:00:02]} 46. c4 {[%emt 0:00:15]} Nc3 {[%emt 0:00:15]} 47. Bd4 {[%emt 0:00:32]} Na4 {[%emt 0:00:06]} 48. Kd6 {[%emt 0:00:07]} Kf8 {[%emt 0:00:00]} 49. Bf5 {[%emt 0:00:17]} Be8 {[%emt 0:00:04]} 50. Kc7 {[%emt 0:00:19]} Bc6 {[%emt 0:00:03]} 51. Bc8 {[%emt 0:00:16]} Be8 {[%emt 0:00:10]} 52. Bxb7 {[%emt 0:00:06]} Bxg6 {[%emt 0:00:02]} 53. Bxa6 {[%emt 0:00:04]} Bxc2 {[%emt 0:00:02]} 54. Bb5 {[%emt 0:00:01]} 1-0

[Event "HUN-ch Rapid 2019"]
[Site "Ajka"]
[Date "2019.07.20"]
[Round "7.19"]
[White "Marosi, Levente"]
[Black "Bodi, Tibor"]
[Result "1/2-1/2"]
[WhiteElo "2225"]
[BlackElo "2244"]
[Annotator "NA"]
[PlyCount "28"]
[EventDate "2019.07.18"]
[EventType "swiss"]
[EventCountry "HUN"]
[SourceTitle "playchess.com"]
[Source "ChessBase"]
[SourceQuality "1"]
[TimeControl "1200+5"]

1. e4 {[%emt 0:00:02]} Nf6 {[%emt 0:00:03]} 2. e5 {[%emt 0:00:02]} Nd5 {[%emt 0:00:01]} 3. d4 d6 4. Nf3 {[%emt 0:00:03]} Nb6 {[%emt 0:00:01]} 5. a4 {[%emt 0:00:02]} a5 {[%emt 0:00:01]} 6. Nc3 {[%emt 0:00:02]} g6 {[%emt 0:00:15]} 7. Bd3 {[%emt 0:00:07]} Bg7 {[%emt 0:00:07]} 8. exd6 {[%emt 0:00:08]} cxd6 {[%emt 0:00:02]} 9. h3 {[%emt 0:00:04]} Nc6 {[%emt 0:00:05]} 10. O-O {[%emt 0:00:25]} O-O {[%emt 0:00:01]} 11. Nb5 {[%emt 0:00:06]} Nb4 {[%emt 0:00:05]} 12. Be2 {[%emt 0:00:34]} Bf5 {[%emt 0:00:09]} 13. c3 {[%emt 0:00:01]} N4d5 {[%emt 0:00:07]} 14. Re1 {[%emt 0:00:19]} Rc8 {[%emt 0:00:30]} 1/2-1/2

[Event "HUN-ch Rapid 2019"]
[Site "Ajka"]
[Date "2019.07.20"]
[Round "7.20"]
[White "Toviskes, Antal"]
[Black "Medvegy, Zoltan"]
[Result "0-1"]
[WhiteElo "2014"]
[BlackElo "2539"]
[Annotator "TA"]
[PlyCount "80"]
[EventDate "2019.07.18"]
[EventType "swiss"]
[EventCountry "HUN"]
[SourceTitle "playchess.com"]
[Source "ChessBase"]
[SourceQuality "1"]

{[%evp 25,80,17,19,-47,-50,-44,-50,-55,-54,-67,-60,-50,-43,-60,-44,-80,-80,-100,-80,-100,-83,-92,-92,-114,-101,-117,-109,-127,-102,-105,-87,-75,-77,-93,-89,-139,-40,-39,-45,-46,-37,-39,22,-129,-130,-1889,-1849,-1136,0,7,0,-43,-37,-188,-181,-202,-190]} 1. e4 c5 2. Nc3 Nc6 3. g3 g6 4. Bg2 Bg7 5. d3 d6 6. f4 e6 7. Nf3 Nge7 8. O-O O-O 9. Bd2 Rb8 10. Rb1 b5 11. a3 a5 12. a4 b4 13. Nb5 Nd4 14. Nbxd4 {B25: Closed Sicilian: 3 g3, lines without early Be3} ({White should try} 14. c4 $11) (14. c4 Nec6 15. Nfxd4 Nxd4 16. Be3 Bb7 17. Qd2 f5 18. Rbe1 Nxb5 19. axb5 a4 20. e5 Rf7 21. Bxb7 Rfxb7 22. d4 {½-½ (22) Keosidi,K (2313)-Pridorozhni,A (2519) Tomsk 2007}) 14... cxd4 $15 15. Rc1 $146 ({Predecessor:} 15. b3 Bb7 16. Qe2 Rc8 17. Rbc1 Bc6 18. g4 f5 19. Ng5 Qd7 20. Bh3 h6 21. Nf3 Rce8 {½-½ (50) Gugnin,R (2039)-Rutman,A (2274) St Petersburg 2007}) 15... Bd7 16. b3 {Black is slightly better.} e5 17. Qe2 Qc8 18. Rf2 Rb6 19. Qf1 Rc6 20. Ne1 Rc5 21. h3 f5 22. Kh2 h6 23. Qe2 Be6 24. Qd1 Qc7 25. Rb1 exf4 26. gxf4 Rc8 27. Bc1 Kh7 28. Bb2 Rf8 29. Kh1 Qd7 30. Kh2 fxe4 (30... g5 $17 {White must now prevent ...fxe4.} 31. fxg5 hxg5) 31. dxe4 Rh5 {[%cal Re6h3]} 32. f5 $1 {[%cal Rf5e6]} Nxf5 33. exf5 Bxf5 (33... Rfxf5 $15 34. Rxf5 (34. Bxd4 Rd5 $17) 34... Bxf5) 34. Rxf5 $2 {[#]} ({Avoid the trap} 34. Bxd4 $2 Bxh3 35. Qxh5 gxh5 $19) (34. Kg1 $11) 34... Qxf5 $17 35. Qd3 $2 {[%mdl 8192]} (35. Nd3 $17) 35... Be5+ $19 36. Kh1 Rh4 $2 (36... Qf2 $19 {( -> ...Bg3)} 37. Rd1 Bg3) 37. Qxf5 $11 Rxf5 38. Nf3 Rhf4 39. Ne1 $2 {[#]} (39. Rf1 $15) 39... Rf2 $19 40. Rd1 Re2 {Accuracy: White = 23%, Black = 58%.} 0-1

[Event "HUN-ch Rapid 2019"]
[Site "Ajka"]
[Date "2019.07.20"]
[Round "8.1"]
[White "Almasi, Zoltan"]
[Black "Mihok, Oliver"]
[Result "1-0"]
[WhiteElo "2687"]
[BlackElo "2550"]
[Annotator "RC"]
[PlyCount "109"]
[EventDate "2019.07.18"]
[EventType "swiss"]
[EventCountry "HUN"]
[SourceTitle "playchess.com"]
[Source "ChessBase"]
[SourceQuality "1"]
[TimeControl "1200+5"]

1. Nf3 {[%emt 0:00:03]} Nf6 {[%emt 0:00:01]} 2. c4 {[%emt 0:00:02]} g6 {[%emt 0:00:01]} 3. b3 {[%emt 0:00:03]} Bg7 {[%emt 0:00:07]} 4. Bb2 {[%emt 0:00:01]} O-O {[%emt 0:00:08]} 5. g3 {[%emt 0:00:02]} d6 {[%emt 0:00:08]} 6. Bg2 {[%emt 0:00:03]} e5 {[%emt 0:00:10]} 7. d3 {[%emt 0:00:02]} Re8 {[%emt 0:00:59]} 8. O-O {[%emt 0:00:06]} a5 {[%emt 0:00:17]} 9. Nc3 {[%emt 0:00:59]} c6 {[%emt 0:00:07]} 10. a3 {[%emt 0:02:21]} d5 {[%emt 0:00:25]} 11. e3 {[%emt 0:00:48]} Bf5 {[%emt 0:01:43]} 12. Rc1 {[%emt 0:04:09]} dxc4 {[%emt 0:02:09]} 13. dxc4 {[%emt 0:00:04]} Bd3 {[%emt 0:00:04]} 14. Ne2 {[%emt 0:00:12]} e4 {[%emt 0:01:55]} 15. Ne1 {[%emt 0:00:03]} Bxe2 {[%emt 0:00:32]} 16. Qxe2 {[%emt 0:00:01]} Nbd7 {[%emt 0:00:15]} 17. b4 {[%emt 0:01:21]} axb4 {[%emt 0:00:19]} 18. axb4 {[%emt 0:00:00]} Ne5 {[%emt 0:00:28]} 19. Bd4 {[%emt 0:01:08]} Qe7 {[%emt 0:00:59]} 20. Qb2 {[%emt 0:00:20]} Qe6 {[%emt 0:00:22]} 21. Qc3 {[%emt 0:00:31]} b5 {[%emt 0:00:23]} 22. Bxe5 {[%emt 0:01:05]} Qxe5 {[%emt 0:00:03]} 23. Qxe5 {[%emt 0:00:01]} Rxe5 {[%emt 0:00:02]} 24. Nc2 {[%emt 0:00:01]} bxc4 {[%emt 0:04:41]} 25. Nd4 {[%emt 0:00:02]} c5 {[%emt 0:00:06]} 26. Nc6 {[%emt 0:00:16]} Re6 {[%emt 0:00:01]} 27. b5 {[%emt 0:00:02]} Nd7 {[%emt 0:00:53]} 28. Rxc4 {[%emt 0:00:11]} f5 {[%emt 0:00:32]} 29. Rd1 {[%emt 0:00:08]} Ra1 {[%emt 0:00:21]} 30. Rxa1 {[%emt 0:00:42]} Bxa1 {[%emt 0:00:05]} 31. Ra4 {[%emt 0:00:09]} Bf6 {[%emt 0:00:14]} 32. Bf1 {[%emt 0:00:22]} Rd6 {[%emt 0:00:12]} 33. Ra7 {[%emt 0:00:39]} Ne5 {[%emt 0:00:44]} 34. Nxe5 {[%emt 0:00:25]} Bxe5 {[%emt 0:00:01]} 35. Bc4+ {[%emt 0:00:01]} Kh8 {[%emt 0:00:06]} 36. Re7 {[%emt 0:00:13]} Bc3 {[%emt 0:00:46]} 37. Rc7 {[%emt 0:00:37]} Bb4 {[%emt 0:00:11]} 38. h4 {[%emt 0:00:36]} h5 {[%emt 0:00:33]} 39. Kg2 {[%emt 0:00:03]} Rf6 {[%emt 0:00:55]} 40. f3 {[%emt 0:01:22]} exf3+ {[%emt 0:00:06]} 41. Kxf3 {[%emt 0:00:02]} Rd6 {[%emt 0:00:11]} 42. Kf4 {[%emt 0:00:09]} Bd2 {[%emt 0:00:08]} 43. Ke5 {[%emt 0:00:07]} Rd8 {[%emt 0:00:34]} 44. b6 {[%emt 0:01:21]} Ba5 {[%emt 0:00:12]} 45. Rc6 {[%emt 0:00:02]} Kg7 {[%emt 0:00:20]} 46. b7 {[%emt 0:00:06]} Rb8 {[%emt 0:00:07]} 47. Ba6 {[%emt 0:00:04]} Bc3+ {[%emt 0:00:11]} 48. Kf4 {[%emt 0:00:28]} Re8 {[%emt 0:00:06]} 49. Kg5 {[%emt 0:00:16]} Kh7 {[%emt 0:00:05]} 50. Rc8 {[%emt 0:00:18]} Re4 {[%emt 0:00:01]} 51. Be2 {[%emt 0:00:11]} Be5 {[%emt 0:00:06]} 52. b8=Q {[%emt 0:00:42]} Bxb8 {[%emt 0:00:03]} 53. Rxb8 {[%emt 0:00:01]} Rxe3 {[%emt 0:00:02]} 54. Rb7+ {[%emt 0:00:02]} Kh8 {[%emt 0:00:04]} 55. Bc4 {[%emt 0:00:06]} 1-0